Christina Aguilera's VEVO Certified Music Videos - Statistics

General Stats
  • This quiz has been taken 83 times
    12 since last reset
  • The average score is 8 of 11
Answer Stats
Views Music Video % Correct
326M+ Genie In a Bottle
100%
106M+ Candyman
91%
153M+ Beautiful
82%
178M+ Can't Hold Us Down
82%
213M+ Dirrty (ft. Redman)
82%
131M+ Fighter
73%
224M+ Your Body
73%
291M+ Hurt
64%
610M+ Lady Marmalade (ft. Lil' Kim, Mya, Pink)
64%
576M+ Pero Me Acuerdo de Tí
36%
104M+ You Lost Me
36%
No matching quizzes found
Score Distribution
Percent of People with Each Score
Percentile by Number Answered
Your Score History
You have not taken this quiz since the last reset